000
00270nam a22001097a 4500
008
160510b xxu||||| |||| 00| 0 eng d
020
_a
0521292417
041
_a
eng
080
_a
54
245
_a
Some modern methods of organic synthesis:
_c
W. Carruthers;
942
_2
udc
_c
BK
999
_c
1970
_d
1970